Statistiques concernant Pays sur une carte du Monde en chargement

Cliquez ici pour prendre le quiz!

Statistiques générales

  • Ce quiz a été pris 10 501 fois
  • Le résultat moyen est 33 sur 40

Réponses sur la Carte

Les réponses sont colorées sur une échelle allant du rouge au vert en fonction du pourcentage des utilisateurs qui les ont devinées à leur premier essai. Vous pouvez retrouver ces pourcentages ci-dessous.
 

Statistiques - réponses

Pays% Correct
Russie
96%
Madagascar
95%
Somalie
93%
Éthiopie
91%
Iran
91%
Japon
91%
Mongolie
91%
Soudan
91%
Irak
90%
Kazakhstan
90%
Australie
89%
Chine
89%
Soudan du Sud
89%
Turquie
88%
Yémen
88%
Arabie Saoudite
87%
Érythrée
87%
Ouzbékistan
87%
Afghanistan
86%
Arménie
86%
Géorgie
86%
Kenya
86%
Turkménistan
86%
Azerbaïdjan
85%
Djibouti
84%
RD Congo
84%
Tadjikistan
82%
Tchad
81%
Île Maurice
80%
Centrafrique
79%
Kirghizistan
78%
Ouganda
77%
Micronésie
74%
Îles Marshall
73%
Tanzanie
72%
Kiribati
70%
Rwanda
68%
Vanuatu
67%
Nauru
66%
Syrie
63%

Distribution des résultats

Percentile par nombre de réponses

% des personnes avec chaque résultat

Votre développement - résultats

Vous n’avez pas pris ce quiz